| 000 | 00652nam2a2200229 4500 | ||
|---|---|---|---|
| 001 | RU\NLR\ONL1\4036 | ||
| 005 | 20250613114345.0 | ||
| 035 | _a(NLR Aleph) 009632789 | ||
| 090 |
_a9504456 _c9504456 |
||
| 100 | _a20041006d1931 |||y0rusy50 ca | ||
| 101 | 0 | _achm | |
| 102 | _aRU | ||
| 105 | _aa ||||||||| | ||
| 200 | 1 |
_aЧодран корныж _f[Пер. С. Чавайн] |
|
| 210 |
_aЙошкар-Ола _cМаробиздат _d1931 |
||
| 215 |
_a8 с. _cил. _d23 |
||
| 541 | 1 |
_aКак путешествовал лес _zrus |
|
| 700 | 1 |
_aМарков _bС. _4070 |
|
| 852 |
_aNLR _bОНЛ _jМар.л./3-366 |
||
| 942 | _cBOOK | ||
| 980 | _aNB | ||